000 00664nam a22002057a 4500
003 OSt
005 20140310183114.0
008 130228t xxu||||| |||| 00| 0 eng d
050 _aGE25
_b.F632 2004
082 _aFIL 333.72
_bF166 2004
245 _aEnvironmental Communication
_bPrinciples, Approaches and Strategies of Communication Applied to Environmental Management
_cFlor, Alexander G.
260 _aQuezon City
_bUniversity of the Philippines, Open University
_c2004
300 _axv, 290 p.
_bill.
_c23 cm.
521 _acollege students
526 _c1210L-1700L
541 _j1
541 _j2
562 _e2
942 _2lcc
_cBK
_kFIL
999 _c18874
_d18874